Cherbourg... Ou Sherbrooke ? - Statistiques

Statistiques générales
  • Ce quiz a été pris 42 fois
  • Le résultat moyen est 6 sur 10
Statistiques - réponses
Question Réponse % Correct
Le Titanic y a fait escale Cherbourg
90%
Catherine Deneuve y a tournée un film Cherbourg
82%
Est au bord de la mer Cherbourg
79%
Est le siège d'un archevêché catholique Sherbrooke
69%
Est majoritairement francophone Les deux
59%
A été à la fois sous hégémonie française et anglaise dans son histoire Les deux
56%
Se situe sur une péninsule Cherbourg
44%
A vue naître un coach de The Voice France Sherbrooke
44%
Est le lieu de naissance d'un ancien premier ministre Sherbrooke
26%
Est géographiquement plus proche d'un pays étranger Sherbrooke
18%
Aucun quiz correspondant
Distribution des résultats
% des personnes avec chaque résultat
Percentile par nombre de réponses
Votre historique - résultats
Vous n’avez pas pris ce quiz